| 000 | 00545nam a2200217 4500 | ||
|---|---|---|---|
| 005 | 20150527092848.0 | ||
| 006 | 000 | ||
| 007 | 000 | ||
| 008 | 000 | ||
| 040 | _aUOEL | ||
| 050 |
_aQD251 _b.B7 1961 |
||
| 100 | _aBrewster, Raw Q. | ||
| 245 |
_aOrganic chemistry / _cRay, Q. Brewster, William E. McEwen |
||
| 250 | _a3rd ed. | ||
| 260 |
_aEnglewood Cliffs : _bPrentice-Hall, Inc., _cc1961. |
||
| 300 |
_ax, 854 p. : _bill. |
||
| 440 | _aPrentice-Hall chemistry | ||
| 650 | _aOrganic chemistry | ||
| 700 | _aMcEwen, William E. | ||
| 942 |
_2lcc _cLL |
||
| 999 |
_c8851 _d8851 |
||